000 01196cam a22003613a 4500
001 13265016
003 OSt
005 20140310182229.0
008 021101s2002 nyu j 000 1 eng d
010 _a 2003586362
020 _a0060528117 (pbk.) :
_c$4.99
035 _a(OCoLC)ocm50915781
040 _aEOW
_cEOW
_dWIQ
_dDLC
042 _alccopycat
050 0 0 _aPZ 7
_b.Se474m5 2002
082 0 0 _aFIC#
_bSWE #5
100 1 _aSenate, Melissa.
_917996
245 1 0 _aStarring you and me /
_cMelissa Senate.
260 _aNew York, NY :
_bHarperEntertainment,
_cc2002.
300 _a128 p. ;
_c20 cm.
490 0 _aMary-Kate and Ashley sweet 16
_v#5
500 _a"Real books for real girls"--P. 4 of cover.
500 _a"A Parachute Press book."
650 0 _aSisters
_vJuvenile fiction.
_917997
650 0 _aTwins
_vJuvenile fiction.
_917998
655 7 _aChildren's stories.
_2lcsh
_93012
655 7 _aYoung adult fiction.
_2lcsh
_93735
710 2 _aCopyright Paperback Collection (Library of Congress)
_5DLC
_9705
906 _a7
_bcbc
_ccopycat
_d2
_encip
_f20
_gy-genrareb
942 _2lcc
_cBK-FIC
999 _c10870
_d10870